Optimálne hranice výkonnosti podniku podľa modelu HGN
Model HGN je súčasťou prístupov k modelovaniu výkonnosti pomocou klasických finančných pomerových ukazovateľov. Ukazovateľom modelu je syntetický ukazovateľ, založený na „očisťovaní“ vybraných finančných ukazovateľov účinnosti od vplyvov meraných vybranými ukazovateľmi náročnosti.
Uložené v:
| Hlavný autor: | |
|---|---|
| Ďalší autori: | , |
| Médium: | Kapitola |
| Jazyk: | Slovak |
| Predmet: | |
| Tagy: |
Žiadne tagy, Buďte prvý, kto otaguje tento záznam!
|
MARC
| LEADER | 00000nla a2200000 4500 | ||
|---|---|---|---|
| 001 | 0240178 | ||
| 005 | 20240502073910.5 | ||
| 041 | 0 | |a slo | |
| 044 | |a SK | ||
| 245 | 1 | 0 | |a Optimálne hranice výkonnosti podniku podľa modelu HGN |c Eduard Hyránek, Michal Grell, Ladislav Nagy |
| 520 | |a Model HGN je súčasťou prístupov k modelovaniu výkonnosti pomocou klasických finančných pomerových ukazovateľov. Ukazovateľom modelu je syntetický ukazovateľ, založený na „očisťovaní“ vybraných finančných ukazovateľov účinnosti od vplyvov meraných vybranými ukazovateľmi náročnosti. | ||
| 610 | 2 | 0 | |a ukazovatele výkonnosti |
| 610 | 2 | 0 | |a výkonnosť |
| 610 | 2 | 0 | |a efektívnosť |
| 610 | 2 | 0 | |a ukazovatele finančné |
| 610 | 2 | 0 | |a optimalizácia |
| 610 | 2 | 0 | |a ukazovatele pomerové |
| 610 | 2 | 0 | |a meranie výkonnosti |
| 100 | 1 | |a Hyránek, Eduard, 1955- | |
| 700 | 1 | |a Grell, Michal | |
| 700 | 1 | |a Nagy, Ladislav | |